000 00227nam a22000857a 4500
008 160719b xxu||||| |||| 00| 0 eng d
100 _93064
_a Dussling, J
245 _aBugs! Bugs! Bugs!
260 _aNew York
_bDorling Kindersley
_c1998
999 _c2627
_d2627